000 01212nam a2200277 i 4500
001 103886
003 ES-MaACL
005 20250827062618.0
007 t|
008 051121s1951 sp ||||1| spa d
110 1 _aEspaña
_93622
240 1 0 _aLeyes, etc., sociales
245 1 0 _aLeyes sociales de España conforme a los textos oficiales /
_cpor Mariano González-Rothvoss... José Castán Tobeñas... León Martín Granizo... Eugenio Pérez Botija.
260 _aMadrid :
_bInstituto Editorial Reus,
_c1951.
300 _a1 v. (pág. var.) ;
_c18 cm.
490 1 _aBiblioteca Medina y Marañón
650 0 4 _aDerecho laboral-
_zEspaña
_911726
655 0 _aLegislación
_9226283
700 1 _aGonzález-Rothvoss y Gil, Mariano.
_958932
830 1 _aBiblioteca Medina y Marañón
_9184645
852 4 _aES-MaACL
_9107773
_jG-16142
_dOlim: A-5423
_dOlim: L 349.3(460)"1951" ESP
_bR.43353
_cDEPO2
852 4 _aES-MaACL
_9107774
_jA-5374
_xExpurgado en 2022: ejemplar deteriorado; ejemplar falto de paginas.
_cSPP1
852 4 _aES-MaACL
_9107775
_jA-5372
_xExpurgado en 2022: ejemplar deteriorado; ejemplar falto de paginas.
_cSPP1
942 _2udc
_cMONOGRAFIA
_n0
999 _c103886
_d103886